书目信息 |
| 题名: |
老庄的智慧边读边悟道家人生智慧
|
|
| 作者: | 陈晓东 编 | |
| 分册: | ||
| 出版信息: | 呼和浩特 远方出版社 2009.01 |
|
| 页数: | 232页 | |
| 开本: | 20cm | |
| 丛书名: | ||
| 单 册: | ||
| 中图分类: | B222-49 | |
| 科图分类: | ||
| 主题词: | 先秦哲学 | |
| 电子资源: | ||
| ISBN: | 978-7-80723-386-2 | |
| 000 | 00571nam0 2200205 45 | |
| 001 | 0933377629 | |
| 005 | 20091028091735.57 | |
| 010 | @a978-7-80723-386-2@dCNY28.00 | |
| 100 | @a20090515d2009 ekmy0 y0120 ea | |
| 102 | @aCN@b130000 | |
| 105 | @ay z 000yy | |
| 200 | 1 | @a老庄的智慧边读边悟道家人生智慧@f陈晓东编@Fchen xiao dong bian |
| 210 | @a呼和浩特@c远方出版社@d2009.01 | |
| 215 | @a232页@d20cm | |
| 606 | 0 | @a先秦哲学 |
| 690 | @aB222-49@v4 | |
| 701 | 0 | @a陈晓东@Achen xiao dong@4编 |
| 801 | 0 | @aCN@c20091028 |
| 905 | @a10447@dB222-49@eC590 | |
| 906 | @d28@n3@r1 | |
| 老庄的智慧边读边悟道家人生智慧/陈晓东编.-呼和浩特:远方出版社,2009.01 |
| 232页;20cm |
| ISBN 978-7-80723-386-2:CNY28.00 |
| ● |
| 相关链接 |
|
|
|
正题名:老庄的智慧边读边悟道家人生智慧
索取号:B222-49/C590
 
预约/预借
| 序号 | 登录号 | 条形码 | 馆藏地/架位号 | 状态 | 备注 |
| 1 | 657982 | 206579825 | 社科库509/509社科库 10排1列3层/ [索取号:B222-49/C590] | 在馆 | |
| 2 | 657983 | 206579834 | 社科库509/509社科库 10排1列3层/ [索取号:B222-49/C590] | 在馆 | |
| 3 | 657984 | 206579843 | 社科库509/509社科库 10排1列3层/ [索取号:B222-49/C590] | 在馆 |